kku e-library facility

Cell, Tissue and Disease: The Basis of Pathology (Record no. 171)

MARC details
000 -LEADER
fixed length control field 00422nam a2200145 4500
005 - DATE AND TIME OF LATEST TRANSACTION
control field 20260224122518.0
008 - FIXED-LENGTH DATA ELEMENTS--GENERAL INFORMATION
fixed length control field 260224b |||||||| |||| 00| 0 eng d
020 ## - INTERNATIONAL STANDARD BOOK NUMBER
International Standard Book Number 0702024783
100 ## - MAIN ENTRY--PERSONAL NAME
Personal name Woolf Neville
245 ## - TITLE STATEMENT
Title Cell, Tissue and Disease: The Basis of Pathology
Statement of responsibility, etc. /Neville Woolf
250 ## - EDITION STATEMENT
Edition statement 3rd ed
260 ## - PUBLICATION, DISTRIBUTION, ETC.
Place of publication, distribution, etc. London;
Name of publisher, distributor, etc. Harcourt Publishers Limited;
Date of publication, distribution, etc. 2000
300 ## - PHYSICAL DESCRIPTION
Extent viii, 586p.ill;
Dimensions 21.5cm
942 ## - ADDED ENTRY ELEMENTS (KOHA)
Source of classification or shelving scheme Library of Congress Classification
Suppress in OPAC No
Koha item type Books

No items available.

©2025 All rights reserved. KKU